|
|
|
|
| LEADER |
00000cam a2200000 7i4500 |
| 001 |
0000000556 |
| 005 |
20151222.0 |
| 008 |
070702 |
| 020 |
|
|
|a 9833449115
|
| 090 |
0 |
0 |
|a JF
|b AD MAL (880)
|
| 100 |
0 |
|
|a Ali Awang
|
| 245 |
0 |
0 |
|a Operasi di tengah hutan
|c Ali Awang
|
| 260 |
|
|
|a Kuala Lumpur :
|b Pustaka Buana ,
|c 2006
|
| 440 |
|
|
|a Siri menjejak kriminil
|
| 500 |
|
|
|a Children ages 7-9 years old (orange)
|
| 650 |
|
0 |
|a Adventure
|
| 650 |
|
0 |
|a Junior fiction
|x Malay
|x Languages
|
| 710 |
0 |
|
|a Title
|
| 999 |
|
|
|a 0000917133
|b Book
|c Children Collection
|e Cawangan Bukit Gambir
|
| 999 |
|
|
|a 0000917134
|b Book
|c Children Collection
|e Cawangan Bukit Gambir
|
| 999 |
|
|
|a 0000917135
|b Book
|c Children Collection
|e Cawangan Bukit Gambir
|
| 999 |
|
|
|a 0000927825
|b Book
|c Children Collection
|e Cawangan Tangkak
|
| 999 |
|
|
|a 0000927826
|b Book
|c Children Collection
|e Cawangan Tangkak
|
| 999 |
|
|
|a 0000927827
|b Book
|c Children Collection
|e Cawangan Tangkak
|
| 999 |
|
|
|a 0000959262
|b Book
|c Children Collection
|e Cawangan Bandar Penawar
|
| 999 |
|
|
|a 0000959263
|b Book
|c Children Collection
|e Cawangan Bandar Tenggara
|
| 999 |
|
|
|a 0000959264
|b Book
|c Children Collection
|e Perbadanan Perpustakaan Awam Johor
|
| 999 |
|
|
|a 0000959266
|b Book
|c Children Collection
|e Perbadanan Perpustakaan Awam Johor
|
| 999 |
|
|
|a 0000969600
|b Book
|c Children Collection
|e Cawangan Segamat
|
| 999 |
|
|
|a 0000969601
|b Book
|c Children Collection
|e Cawangan Taman Universiti
|
| 999 |
|
|
|a 0000969602
|b Book
|c Children Collection
|e Cawangan Segamat
|